The crisis in black and black /

Discusses the conflicts within the black community which divide many African-Americans from one another, including those between "the black middle class and the poor; black women and black men; the black intellectual elite and the black rappers and gang leaders; black politicians and the politi...

முழு விளக்கம்

Saved in:
நூற்பட்டியல் விவரங்கள்
தலைமை எழுத்தாளர்: Hutchinson, Earl Ofari.
வடிவம்: புத்தகம்
மொழி:English
வெளியீடப்பட்டது: Los Angeles, CA : Middle Passage Press, c1998.
பதிப்பு:1st ed.
பகுதிகள்:
குறியீடுகள்: குறிச்சொல் இணை
குறியீடுகள் இல்லை, இந்த குறிச்சொல்லை முதலில் பதிவு செய்யுங்கள்!
LEADER 02167nam a2200313Ia 4500
001 007749005-3
005 20020606104010.5
008 980507s1998 cau b 001 0 eng d
020 |a 1881032159 :  |c $12.00 
035 0 |a ocm39083501 
040 |a BKL  |c BKL  |d HLS 
043 |a n-us--- 
050 0 0 |a E185.86  |b .H89 1998 
090 |a E185.61  |b .H87 1998x 
100 1 |a Hutchinson, Earl Ofari. 
245 1 4 |a The crisis in black and black /  |c by Earl Ofari Hutchinson. 
250 |a 1st ed. 
260 |a Los Angeles, CA :  |b Middle Passage Press,  |c c1998. 
300 |a 219 p. ;  |c 23 cm. 
504 |a Includes bibliography (p. [197]-212) and index. 
520 |a Discusses the conflicts within the black community which divide many African-Americans from one another, including those between "the black middle class and the poor; black women and black men; the black intellectual elite and the black rappers and gang leaders; black politicians and the politically aliented black urban poor; and black conservatives and black liberals/radicals."--Jacket. 
505 0 |a Our own worst enemy--an overview -- I believe in America: understanding a Clarence Thomas -- Rethinking the million man march -- The air Jordan effect -- Chasing conspiracy shadows -- "O.J. is guilty" -- The five dilemmas of black leaders -- Farrakhan: the ultimate dilemma -- My gay problem, their black problem -- The crisis in black and black -- Afrocentrism: whose history to believe? -- The concrete killing fields -- Hollywood's booty call -- The return of the Mau-Mauer -- Bad as I wannabe -- The fallacy of talkin' back -- The continuing crisis of the negro intellectual -- Black men, white women, black obsession -- Overcoming the crisis in black and black -- Our Stockholm syndrome--a postscript. 
650 0 |a African Americans  |x Social conditions. 
650 0 |a Social conflict  |z United States. 
650 0 |a African Americans  |x Race identity. 
650 0 |a African Americans  |x Social conditions  |y 1975- 
776 0 8 |i Online version:  |a Hutchinson, Earl Ofari.  |t Crisis in black and black.  |b 1st ed.  |d Los Angeles : Middle Passage Press, ©1998  |w (OCoLC)605475804 
988 |a 20020608 
906 |0 OCLC